000 00624nas a2200217 4500
001 BR9503743
003 BR-BrBNA
005 20231205094056.0
007 ta
008 230509b bl.|||p| |||| 00| 00por d
040 _aBR-BrBNA
_bpor
_cBiblioteca Nacional de Agricultura
041 _a(Pt)
072 _aN10
100 1 _aAnon.
245 1 _aSilo, placas representam muita praticidade e economia
650 _aSilo Trincheira
650 _aConcreto
773 0 _tBalde Branco (Brazil)
_xISSN 0005-4275
_g(Feb 1993), v. 29(340) p. 28-30
_wBR9503743
909 _a202311
_bLúcia
_c55
_dLúcia Elande
942 _2AGRIS
_n0
_cANA
999 _c141931
_d141931